000 00766nam a22002417a 4500
999 _c17086
_d17086
003 OSt
005 20181031124249.0
008 181031b ||||| |||| 00| 0 eng d
020 _a9780253011824
020 _a9780253011886
040 _aSEKU
050 _aQE 766
_b.F67
100 _aFoster, John.
245 _aCambrian ocean world :
_bancient sea life of North America /
_cJohn Foster.
260 _aIndiana :
_bIndiana University Press,
_c2014.
300 _a416 p. :
_bill.
504 _aIncludes bibliographical references and index.
650 _aMarine animals, Fossil
_zNorth America
650 _aPaleontology
_zNorth America
650 _aCambrian geological period
_zNorth America
650 _aAnimals, Fossil
_zNorth America
942 _2lcc
_cGEN